000 00578nam a2200229 a 4500
001 BRL_1128
005 20190320211040.0
008 141113s1971----gw-a######---#000-0#ger-#
020 _a3499114941
041 _ager
044 _agw
050 4 _aE169.1
_b.M38 1971
100 1 _aMatthias, Leo
_925868
245 1 0 _aDie Kehrseite der USA
_cL. L. Matthias.
260 _aHamburg
_bRowohlt
_c1971
300 _a427 p.
_bil.
_c19 cm.
440 0 _arororo
_v1494
_925869
500 _aAu1330
651 4 _aEstados Unidos
_xCivilización
_915566
902 _aGRL
942 _2lcc
_cB
999 _c9940
_d9940